BIBLIOTECA PODER JUDICIAL
Portal Judicial TDF

Los límites en los decretos de necesidad y urgencia : (Registro nro. 6310)

000 -LEADER
fixed length control field 01115nabaa22002057a 4500
003 - CONTROL NUMBER IDENTIFIER
control field OSt
005 - DATE AND TIME OF LATEST TRANSACTION
control field 20260130184329.0
008 - FIXED-LENGTH DATA ELEMENTS--GENERAL INFORMATION
fixed length control field 190701b xxu||||| |||| 00| 0 spa d
040 ## - CATALOGING SOURCE
Transcribing agency PJ
100 ## - MAIN ENTRY--PERSONAL NAME
9 (RLIN) 6286
Personal name Duizeide, Santiago G.
245 13 - TITLE STATEMENT
Title Los límites en los decretos de necesidad y urgencia :
Remainder of title una mirada sobre la necesidad y la urgencia. ¿Todo vale en pos de dichos conceptos? /
Statement of responsibility, etc Santiago Duizeide.
300 ## - PHYSICAL DESCRIPTION
Extent p. 18-24
500 ## - GENERAL NOTE
General note Cita: TR LALEY AR/DOC/2043/2025
505 ## - FORMATTED CONTENTS NOTE
Formatted contents note Sumario: I. Introducción.— II. Concepto del DNU y su tratamiento en otros países.— III. Los DNU antes y después de la reforma de la Constitución. Un poco de historia.— IV. La sanción de la ley 26.122. Una suerte de "límite" a los DNU. — V. Conclusión.
505 ## - FORMATTED CONTENTS NOTE
Title ¿Te interesa el texto completo? Comunicate al correo: koha@justierradelfuego.gov.ar
650 #0 - SUBJECT ADDED ENTRY--TOPICAL TERM
9 (RLIN) 211
Topical term or geographic name as entry element DERECHO ADMINISTRATIVO
650 #0 - SUBJECT ADDED ENTRY--TOPICAL TERM
9 (RLIN) 200
Topical term or geographic name as entry element DECRETOS DE NECESIDAD Y URGENCIA
773 0# - HOST ITEM ENTRY
Host Biblionumber 2842
Host Itemnumber 3251
Place, publisher, and date of publication Buenos Aires : AbeledoPerrot, 2012-
Other item identifier DA121
Title Derecho administrativo. Nº 161 septiembre/octubre 2025
International Standard Book Number 18510590
942 ## - ADDED ENTRY ELEMENTS (KOHA)
Source of classification or shelving scheme
Koha item type Analítica Artículo de Revista

No hay ítems disponibles.

12 de Octubre 789 Ushuaia - Tel:  54(02901)441571
Horario de Atención: 8.00 a 17.00 hs. 
bibliotecaush@justierradelfuego.gov.ar
koha@justierradelfuego.gov.ar
Seguinos en nuestras redes @bibliojustdf 

Con tecnología Koha